Type the empirical chemical formula for Titin - Statistics

General Stats
  • This quiz has been taken 9 times
  • The average score is 16 of 30
Answer Stats
Hint Answer % Correct
Carbon C
83%
Nitrogen N
83%
Oxygen O
83%
Sulfur S
83%
Hydrogen H
67%
. 1
50%
. 1
50%
.. 2
50%
.. 2
50%
.. 2
50%
.. 2
50%
.. 2
50%
... 3
50%
... 3
50%
.... 4
50%
.... 4
50%
.... 4
50%
..... 5
50%
..... 5
50%
...... 6
50%
...... 6
50%
...... 6
50%
....... 7
50%
....... 7
50%
........ 8
50%
........ 8
50%
........ 8
50%
......... 9
50%
......... 9
50%
, 0
33%
No matching quizzes found
Score Distribution
Percent of People with Each Score
Percentile by Number Answered
Your Score History
You have not taken this quiz